<?xml version="1.0" encoding="UTF-8"?><?xml-stylesheet type="text/xsl" href="static/style.xsl"?><OAI-PMH xmlns="http://www.openarchives.org/OAI/2.0/" xmlns:xsi="http://www.w3.org/2001/XMLSchema-instance" xsi:schemaLocation="http://www.openarchives.org/OAI/2.0/ http://www.openarchives.org/OAI/2.0/OAI-PMH.xsd"><responseDate>2026-04-13T13:36:30Z</responseDate><request verb="GetRecord" identifier="oai:www.recercat.cat:2099.1/20851" metadataPrefix="marc">https://recercat.cat/oai/request</request><GetRecord><record><header><identifier>oai:recercat.cat:2099.1/20851</identifier><datestamp>2025-07-23T03:16:57Z</datestamp><setSpec>com_2072_1033</setSpec><setSpec>col_2072_452951</setSpec></header><metadata><record xmlns="http://www.loc.gov/MARC21/slim" xmlns:dcterms="http://purl.org/dc/terms/" xmlns:xsi="http://www.w3.org/2001/XMLSchema-instance" xmlns:doc="http://www.lyncode.com/xoai" xsi:schemaLocation="http://www.loc.gov/MARC21/slim http://www.loc.gov/standards/marcxml/schema/MARC21slim.xsd">
   <leader>00925njm 22002777a 4500</leader>
   <datafield ind2=" " ind1=" " tag="042">
      <subfield code="a">dc</subfield>
   </datafield>
   <datafield ind2=" " ind1=" " tag="720">
      <subfield code="a">Brown, Andina Rosalya</subfield>
      <subfield code="e">author</subfield>
   </datafield>
   <datafield ind2=" " ind1=" " tag="260">
      <subfield code="c">2014-01</subfield>
   </datafield>
   <datafield ind2=" " ind1=" " tag="520">
      <subfield code="a">This study addresses the problem of locating fast charging stations for electric vehicles in the early stages of infrastructure implementation. The primary objectives are to contextualise the problem and to subsequently develop the existing methodology found in the literature. In particular, this study aims to design an optimal location model for the infrastructure of fast charging stations for electric vehicles, using the city of Barcelona as a case study. The most notable contribution is the implementation of a multi-objective model, applying the weighted sums methodology. Using this approach, multiple solutions can be obtained and used to observe the trade-offs between conflicting objectives, providing valuable information to decision makers. In addition, an alternative outlook is taken with regards to electric vehicle user behaviour; the concept of minimising deviations is introduced into the optimisation problem with an aim to better reflect driver behaviour, and account for all users in the model. The model is first formulated mathematically and then implemented using the GAMS.. The objective of the work is to apply modeling and optimization techniques to design a method for locating public EV charging facilities. This method must take into account the legal framework of the EV charging facilities as well as the EV users characteristics and necessities</subfield>
   </datafield>
   <datafield tag="653" ind2=" " ind1=" ">
      <subfield code="a">Àrees temàtiques de la UPC::Matemàtiques i estadística::Investigació operativa::Optimització</subfield>
   </datafield>
   <datafield tag="653" ind2=" " ind1=" ">
      <subfield code="a">Programming (Mathematics)</subfield>
   </datafield>
   <datafield tag="653" ind2=" " ind1=" ">
      <subfield code="a">Fast Charging Stations</subfield>
   </datafield>
   <datafield tag="653" ind2=" " ind1=" ">
      <subfield code="a">Electric Vehicle</subfield>
   </datafield>
   <datafield tag="653" ind2=" " ind1=" ">
      <subfield code="a">Facility Location</subfield>
   </datafield>
   <datafield tag="653" ind2=" " ind1=" ">
      <subfield code="a">Multi-objective Optimisation</subfield>
   </datafield>
   <datafield tag="653" ind2=" " ind1=" ">
      <subfield code="a">Weighted Sums</subfield>
   </datafield>
   <datafield tag="653" ind2=" " ind1=" ">
      <subfield code="a">Programació (Matemàtica)</subfield>
   </datafield>
   <datafield tag="653" ind2=" " ind1=" ">
      <subfield code="a">Classificació AMS::90 Operations research, mathematical programming::90C Mathematical programming</subfield>
   </datafield>
   <datafield ind2="0" ind1="0" tag="245">
      <subfield code="a">A multi-objective approach to infrastructure planning in  the early stages of EV introduction</subfield>
   </datafield>
</record></metadata></record></GetRecord></OAI-PMH>